000
00436 a2200217 4500
245
_a
Sémiologie médicale
100
_a
Mathé, G.
700
_a
Richet, G.
700
_a
Benhamou, J-P.
260
_c
1977
300
_a
1050 p.
035
_a
0054
035
_a
0055
035
_a
3338
035
_a
4138
035
_a
3339
035
_a
3340
999
_c
17592
_d
17592